|
|
|
|
| LEADER |
00000cam a2200000 a 4500 |
| 001 |
vtls008365133 |
| 003 |
SK-MaSNL |
| 005 |
20260302074556.0 |
| 008 |
250313s1943 xo g 000 0 slo |
| 015 |
|
|
|a SNBA19421945-019/0224
|
| 035 |
|
|
|a SK01SNKBKSD220010057350
|
| 035 |
|
|
|a urn:nbn:sk:snk-am3hjt5
|
| 035 |
|
|
|a 2A506CE6-3DB0-40AC-8E86-9BE6640AC056
|
| 035 |
|
|
|a urn:nbn:sk:snk-am00d2v2
|
| 035 |
|
|
|a SKM000059813
|
| 040 |
|
|
|a SNK
|b slo
|c SNK
|e AACR2
|
| 041 |
0 |
|
|a slo
|
| 043 |
|
|
|a e-xo---
|
| 044 |
|
|
|a xo
|c SK
|
| 072 |
|
7 |
|a 94(437.6)
|x Dejiny Slovenskej republiky
|2 konspekt
|
| 080 |
|
|
|a 94(437.6)
|2 2011
|
| 080 |
|
|
|a 911.3:32
|2 2001
|
| 080 |
|
|
|a 911.3
|2 2001
|
| 100 |
1 |
|
|a Bokes, František,
|d 1906-1968
|4 aut
|9 103204
|
| 245 |
1 |
0 |
|a Slovenský životný priestor v minulosti a dnes
|c František Bokes ; graficky upravil Aurel Kajlich
|
| 260 |
|
|
|a Bratislava
|b ČAS
|c 1943
|e Bratislava
|f C.F. Wigand
|
| 300 |
|
|
|a 151 s., [8] l. obr. príl.
|b mapy
|c 8° (21x15 cm)
|
| 490 |
1 |
|
|a Slovenské dielo / rediguje Ján Sedlák
|v sv. 7-8
|
| 500 |
|
|
|a Obsah
|
| 504 |
|
|
|a Obsahuje bibliografiu
|
| 546 |
|
|
|a Text v slovenčine
|b Antikva
|
| 650 |
0 |
7 |
|a socioekonomická geografia
|2 SNKPH
|9 75150
|
| 650 |
0 |
7 |
|a politická geografia
|2 SNKPH
|9 1069
|
| 650 |
0 |
7 |
|a Political geography
|2 SNKPHeng
|9 305738
|
| 650 |
0 |
7 |
|a Socioeconomical geography
|2 SNKPHeng
|9 291197
|
| 651 |
|
7 |
|a Slovensko
|x dejiny
|2 SNKPHgeo
|9 13278
|
| 651 |
|
7 |
|a Slovakia
|x history
|2 SNKPHeng
|9 266841
|
| 655 |
|
7 |
|a monografie
|2 SNKPH
|9 70139
|
| 655 |
|
7 |
|a Monographs
|2 SNKPHeng
|9 120675
|
| 700 |
1 |
|
|a Kajlich, Aurel,
|d 1901-1973
|4 oth
|9 122415
|
| 700 |
1 |
|
|a Sedlák, Ján,
|d 1914-2007
|4 oth
|9 86199
|
| 710 |
2 |
|
|a Čas (Bratislava, Slovensko)
|4 pbl
|9 623612
|
| 710 |
2 |
|
|a C. F. Wigand
|4 prt
|9 456201
|
| 830 |
|
0 |
|a Slovenské dielo
|9 363986
|
| 852 |
|
|
|a Slovenská národná knižnica
|
| 958 |
|
|
|a OND
|
| 958 |
|
|
|a RK
|
| 958 |
|
|
|a TL
|
| 958 |
|
|
|a DG
|
| 999 |
|
|
|c 1165571
|d 1167501
|
| 952 |
|
|
|t P60, <04>, [BOOK], {604}
|a SNK
|b SNK
|y VYP
|7 0
|p 17A0034796
|o snkSD 4693/7-8 D1
|0 0
|1 0
|4 0
|d 1997-02-03
|l 0
|r 2005-01-02 00:00:00
|w 2026-02-24
|
| 952 |
|
|
|t P60, <04>, [BOOK], {604}
|a SNK
|b SNK
|y VYP
|7 0
|p 17A0119224
|o snkSD 4693/7-8 D2
|0 0
|1 0
|4 0
|d 1998-01-19
|l 0
|r 2005-01-02 00:00:00
|w 2026-02-24
|
| 952 |
|
|
|a SNK
|b SNK
|y PREZ
|7 0
|p 17A0912988
|o snkSD 4693/7-8
|i snk1086/43
|0 0
|1 0
|4 0
|d 2018-05-31
|f 1
|l 0
|r 2025-11-11 00:00:00
|w 2026-02-24
|